[Event "TCh-CHN 2018"]
[Site "China CHN"]
[Date "2018.07.12"]
[Round "10.2"]
[Board "2"]
[White "Lin, Yi"]
[Black "Xu, Yi"]
[Result "1/2-1/2"]
[BlackTitle "IM"]
[WhiteElo "2359"]
[BlackElo "2533"]
[WhiteTeam "Hangzhou Turbine Team"]
[BlackTeam "China Mobil Shanghai Chess Club"]
[WhiteFideId "8609659"]
[BlackFideId "8605564"]
[EventDate "2018.04.11"]

1. d4 Nf6 2. c4 e6 3. g3 d5 4. Bg2 Be7 5. Nf3 O-O 6. Nc3 dxc4 7. Ne5 Qd6 8. Nxc4
Qa6 9. Qa4 Qxa4 10. Nxa4 Rd8 11. e3 Nd5 12. Nc3 c5 13. dxc5 Na6 14. O-O Nxc5 15.
Rd1 Nxc3 16. Rxd8+ Bxd8 17. bxc3 Na4 18. Bd2 Bf6 19. Rc1 Rb8 20. Na5 b6 21. Nc6
Rb7 22. c4 Rc7 23. Bb4 Bd7 24. Ne7+ Bxe7 25. Bxe7 Bb5 26. Rd1 Rxe7 27. cxb5 f6
28. Bc6 Kf7 29. Rd4 Nc5 30. a4 Nb3 31. Rd3 Na5 32. Rc3 g6 33. Kf1 Kf8 34. Bf3
Ke8 35. Ke2 Kd8 36. Bg2 Rc7 37. Kd3 Rd7+ 38. Kc2 Ke7 39. Rc8 Kd6 40. Kc3 f5 41.
f4 e5 42. e4 exf4 43. gxf4 fxe4 44. Bxe4 Rf7 45. Rd8+ Ke7 46. Rh8 Kd6 47. Rd8+
Kc7 48. Rh8 Kd6 49. Rd8+ Ke7 50. Rh8 Kf6 51. Bd5 Rd7 52. Rf8+ Kg7 53. Rg8+ Kh6
54. Be6 Re7 55. Bd5 Kh5 56. Kd4 Kg4 57. Rf8 Nb7 58. Rf6 Kh3 59. f5 gxf5 60. Rxf5
Kxh2 61. Rh5+ Kg3 62. Be4 Nc5 63. Bxh7 Nxa4 64. Bc2 Nc5 65. Rh7 Rxh7 66. Bxh7
Kf2 67. Bg8 Ke2 68. Bc4+ Kd2 69. Bf1 Ke1 70. Bc4 Nb7 71. Kd5 Kd2 72. Bf1 Ke1 73.
Bd3 Kd2 74. Bf1 Kc3 75. Kc6 Na5+ 76. Kc7 Nc4 77. Kb7 Kb4 78. Kxa7 Kxb5 79. Bxc4+
Kxc4 80. Kxb6 1/2-1/2

[Event "TCh-CHN 2018"]
[Site "China CHN"]
[Date "2018.07.12"]
[Round "10.2"]
[Board "4"]
[White "Ni, Shiqun"]
[Black "Zhao, Shengxin"]
[Result "1/2-1/2"]
[WhiteTitle "WGM"]
[BlackTitle "WFM"]
[WhiteElo "2436"]
[BlackElo "2133"]
[WhiteTeam "China Mobil Shanghai Chess Club"]
[BlackTeam "Hangzhou Turbine Team"]
[WhiteFideId "8608466"]
[BlackFideId "8608040"]
[EventDate "2018.04.11"]

1. e4 c5 2. Nf3 d6 3. d4 cxd4 4. Nxd4 Nf6 5. Nc3 a6 6. a4 e5 7. Nf3 Be7 8. Bc4
O-O 9. O-O Be6 10. Qe2 Nc6 11. Rd1 Rc8 12. Ba2 Qc7 13. Bg5 Nb4 14. Bb3 h6 15.
Bxf6 Bxf6 16. Ne1 Bd8 17. Ra3 Qe7 18. Nd5 Nxd5 19. Bxd5 Bxd5 20. Rxd5 Bb6 21.
Rf3 Qe6 22. Rb3 Rc6 23. a5 Bc5 24. Rxb7 Qc8 25. Rb3 Qc7 26. Nd3 Qxa5 27. g3 Rfc8
28. Nxc5 Rxc5 29. Rxc5 dxc5 30. Rb7 Re8 31. Qf3 Rf8 32. Kg2 Qa4 33. b3 Qc6 34.
Ra7 Qb6 35. Rd7 Qc6 36. Rd5 f6 37. Qd3 Rc8 38. Rd6 Qb7 39. Qc4+ Kh7 40. Rxa6 Rd8
41. Ra4 Rd4 42. Qe2 Rxa4 43. bxa4 Qb4 44. Qb5 Qxe4+ 45. Kg1 Qxc2 46. a5 Qd1+ 47.
Kg2 Qd5+ 48. Kg1 Qd1+ 49. Kg2 Qd5+ 50. Kg1 Qd1+ 1/2-1/2

[Event "TCh-CHN 2018"]
[Site "China CHN"]
[Date "2018.07.12"]
[Round "10.2"]
[Board "5"]
[White "Ju, Wenjun"]
[Black "Zhou, Zirun"]
[Result "1/2-1/2"]
[WhiteTitle "GM"]
[WhiteElo "2568"]
[BlackElo "2152"]
[WhiteTeam "China Mobil Shanghai Chess Club"]
[BlackTeam "Hangzhou Turbine Team"]
[WhiteFideId "8603006"]
[BlackFideId "8610975"]
[EventDate "2018.04.11"]

1. c4 e6 2. Nf3 d5 3. g3 Nf6 4. Bg2 c6 5. Qc2 Nbd7 6. d4 Bb4+ 7. Nbd2 O-O 8. O-O
b6 9. e4 Bb7 10. Rd1 Rc8 11. e5 Ne8 12. Nf1 Be7 13. h4 h6 14. cxd5 cxd5 15. Qe2
Nc7 16. Bf4 Ba6 17. Qe3 Re8 18. N1h2 Nf8 19. h5 Nh7 20. g4 Ng5 21. Nxg5 Bxg5 22.
Rac1 Bxf4 23. Qxf4 f6 24. Re1 fxe5 25. Qxe5 Qf6 26. Nf3 Nb5 27. Qxf6 gxf6 28.
Bf1 Rxc1 29. Rxc1 Re7 30. Nh4 Rc7 31. Re1 Rc6 32. f4 Nc7 33. Bxa6 Nxa6 34. f5 e5
35. dxe5 Rc4 36. Ng6 Rxg4+ 37. Kh2 fxe5 38. Rxe5 Rg5 39. Rxd5 Rxh5+ 40. Kg3 Nc5
41. b4 Ne4+ 42. Kf4 Nf6 43. Rd8+ Kf7 44. Ra8 Rh1 45. Rxa7+ Ke8 46. b5 Rf1+ 47.
Ke5 Nd7+ 48. Ke6 Re1+ 49. Kd6 Rd1+ 50. Kc6 Rc1+ 51. Kb7 Rc5 52. Ra8+ Kf7 53. Rd8
Nf6 54. Kxb6 Rxf5 55. Nh4 Rf4 56. Ng2 Rf2 57. Ne3 Rxa2 58. Kb7 Re2 59. Nc4 Rc2
60. Ne5+ Ke6 61. Nf3 Rb2 62. Nd4+ Ke5 63. Kc6 Rb1 64. b6 Rc1+ 65. Kb7 Nd5 66.
Nc6+ Ke6 67. Nd4+ Ke5 68. Nb5 Nxb6 69. Kxb6 h5 70. Nd4 Ke4 71. Ne2 Rb1+ 72. Kc5
Kf3 73. Nd4+ Ke4 74. Re8+ Kf4 75. Rf8+ Kg4 76. Rg8+ Kf4 77. Ne2+ Kf3 78. Ng1+
Rxg1 79. Rxg1 h4 80. Rh1 Kg3 81. Kd4 h3 82. Ke3 h2 83. Rxh2 Kxh2 84. Ke4 1/2-1/2

[Event "TCh-CHN 2018"]
[Site "China CHN"]
[Date "2018.07.12"]
[Round "10.3"]
[Board "1"]
[White "Cheparinov, Ivan"]
[Black "Zhao, Jun"]
[Result "1-0"]
[WhiteTitle "GM"]
[BlackTitle "GM"]
[WhiteElo "2711"]
[BlackElo "2607"]
[WhiteTeam "Shenzhen Longgang Chess association"]
[BlackTeam "Shandong Jingzhi Team"]
[WhiteFideId "2905540"]
[BlackFideId "8602522"]
[EventDate "2018.04.11"]

1. e4 e5 2. Nf3 Nc6 3. Bc4 Bc5 4. d3 Nf6 5. c3 d6 6. O-O Bb6 7. a4 a6 8. Re1 Ne7
9. a5 Ba7 10. h3 Ng6 11. d4 O-O 12. Nbd2 h6 13. Bd3 Nh5 14. Nf1 Nhf4 15. Bc2 Qf6
16. Ng3 Be6 17. Be3 Rfd8 18. Nf5 Bxf5 19. exf5 Ne7 20. Bxf4 exf4 21. Qd2 Re8 22.
Qxf4 Nd5 23. Qd2 c6 24. h4 Nc7 25. g4 Rxe1+ 26. Rxe1 Re8 27. Rxe8+ Nxe8 28. g5
hxg5 29. hxg5 Qd8 30. Qe3 d5 31. g6 Nd6 32. Ng5 Bb8 33. f6 Qd7 34. gxf7+ Nxf7
35. Bf5 1-0

[Event "TCh-CHN 2018"]
[Site "China CHN"]
[Date "2018.07.12"]
[Round "10.3"]
[Board "2"]
[White "Liu, Qingnan"]
[Black "Wen, Yang"]
[Result "1/2-1/2"]
[WhiteTitle "GM"]
[BlackTitle "GM"]
[WhiteElo "2538"]
[BlackElo "2604"]
[WhiteTeam "Shenzhen Longgang Chess association"]
[BlackTeam "Shandong Jingzhi Team"]
[WhiteFideId "8603294"]
[BlackFideId "8602956"]
[EventDate "2018.04.11"]

1. e4 e5 2. Nf3 Nc6 3. Bb5 Nf6 4. O-O Nxe4 5. Re1 Nd6 6. Nxe5 Be7 7. Bf1 Nxe5 8.
Rxe5 O-O 9. d4 Bf6 10. Re1 Re8 11. Bf4 Rxe1 12. Qxe1 Ne8 13. c3 d5 14. Bd3 g6
15. Nd2 Ng7 16. Nf1 Nh5 17. Bh6 Be6 18. Qe3 Qe7 19. Re1 Re8 20. Ng3 Nxg3 21.
Qxg3 Qd8 22. Bf4 Bf5 23. Kf1 Bxd3+ 24. Qxd3 c6 25. Rxe8+ Qxe8 26. Qe3 Qxe3 27.
Bxe3 Bg7 28. Ke2 f5 29. f4 Kf7 30. g3 Ke6 1/2-1/2

[Event "TCh-CHN 2018"]
[Site "China CHN"]
[Date "2018.07.12"]
[Round "10.3"]
[Board "3"]
[White "Zhou, Jianchao"]
[Black "Sethuraman, S.P."]
[Result "1/2-1/2"]
[WhiteTitle "GM"]
[BlackTitle "GM"]
[WhiteElo "2617"]
[BlackElo "2664"]
[WhiteTeam "Shenzhen Longgang Chess association"]
[BlackTeam "Shandong Jingzhi Team"]
[WhiteFideId "8603537"]
[BlackFideId "5021596"]
[EventDate "2018.04.11"]

1. d4 Nf6 2. c4 e6 3. Nc3 Bb4 4. Qc2 O-O 5. a3 Bxc3+ 6. Qxc3 d5 7. Bg5 h6 8.
Bxf6 Qxf6 9. e3 c5 10. cxd5 cxd4 11. Qxd4 Qxd4 12. exd4 exd5 13. Bd3 Nc6 14. Ne2
Re8 15. Kd2 Bd7 16. Bb5 Nb8 17. Nc3 Rd8 18. Rhe1 Bxb5 19. Nxb5 Nc6 20. Kd3 Kf8
21. Re2 Rac8 22. Rae1 Rd7 23. h4 h5 24. Rc2 Re7 25. Rxe7 Kxe7 26. Re2+ Kd7 27.
Nc3 Kd6 28. Nb5+ Kd7 29. Nc3 Kd6 30. Nb5+ Kd7 1/2-1/2

[Event "TCh-CHN 2018"]
[Site "China CHN"]
[Date "2018.07.12"]
[Round "10.3"]
[Board "4"]
[White "Huang, Qian"]
[Black "Zhang, Xiaowen"]
[Result "1/2-1/2"]
[WhiteTitle "WGM"]
[BlackTitle "WGM"]
[WhiteElo "2444"]
[BlackElo "2318"]
[WhiteTeam "Shandong Jingzhi Team"]
[BlackTeam "Shenzhen Longgang Chess association"]
[WhiteFideId "8602689"]
[BlackFideId "8603219"]
[EventDate "2018.04.11"]

1. d4 d5 2. c4 e6 3. Nf3 Nf6 4. Nc3 Be7 5. Bg5 h6 6. Bxf6 Bxf6 7. e3 O-O 8. Qc2
c5 9. dxc5 dxc4 10. Bxc4 Nd7 11. c6 Ne5 12. Nxe5 Bxe5 13. Be2 Qc7 14. f4 Bf6 15.
Ne4 Be7 16. Rc1 bxc6 17. O-O Rb8 18. b3 Rd8 19. Rfd1 Rd5 20. Bc4 Rxd1+ 21. Rxd1
c5 22. Nf2 Rb6 23. Ng4 Rd6 24. Ne5 Rxd1+ 25. Qxd1 Bb7 26. Qd2 Bf6 27. Ng4 Be7
28. Ne5 Bf6 29. Ng4 Be7 30. Ne5 Bf6 31. Ng4 1/2-1/2

[Event "TCh-CHN 2018"]
[Site "China CHN"]
[Date "2018.07.12"]
[Round "10.3"]
[Board "5"]
[White "Ning, Kaiyu"]
[Black "Ushenina, Anna"]
[Result "0-1"]
[BlackTitle "GM"]
[WhiteElo "2217"]
[BlackElo "2440"]
[WhiteTeam "Shandong Jingzhi Team"]
[BlackTeam "Shenzhen Longgang Chess association"]
[WhiteFideId "8614750"]
[BlackFideId "14110911"]
[EventDate "2018.04.11"]

1. d4 d5 2. c4 e6 3. Nf3 Nf6 4. Nc3 dxc4 5. e3 a6 6. a4 c5 7. Bxc4 Nc6 8. O-O
Bd6 9. Qe2 O-O 10. Rd1 Qe7 11. dxc5 Bxc5 12. e4 Ng4 13. Rf1 Nge5 14. Nxe5 Nxe5
15. Bb3 Bd7 16. Be3 Rac8 17. Rfd1 Rfd8 18. h3 Be8 19. Rac1 Bxe3 20. Qxe3 Rxd1+
21. Rxd1 Qb4 22. Na2 Qc5 23. Qxc5 Rxc5 24. Nc3 Kf8 25. Kf1 Rc6 26. Ba2 Rb6 27.
b3 Rc6 28. Ne2 Rc2 29. Nc1 Ke7 30. f3 Ng6 31. Bb1 Rb2 32. Bd3 Nf4 33. g3 Nxh3
34. Be2 Ng5 35. Rd4 Rc2 36. Rd1 f6 37. Nd3 Rc3 38. Rc1 Rxb3 39. Rc7+ Kd6 40.
Rxg7 Nxf3 41. Bxf3 Rxd3 42. e5+ Kxe5 43. Bxb7 a5 44. Rxh7 Rxg3 45. Bg2 Bxa4 46.
Rc7 Bb5+ 47. Kf2 Rb3 48. Ra7 a4 49. Ra5 Kf4 0-1

[Event "TCh-CHN 2018"]
[Site "China CHN"]
[Date "2018.07.12"]
[Round "10.4"]
[Board "1"]
[White "Yu, Yangyi"]
[Black "Xu, Xiangyu"]
[Result "1/2-1/2"]
[WhiteTitle "GM"]
[BlackTitle "GM"]
[WhiteElo "2764"]
[BlackElo "2565"]
[WhiteTeam "Beijing Beiao team"]
[BlackTeam "Chengdu Beilei Youth Chess Club"]
[WhiteFideId "8603820"]
[BlackFideId "8608288"]
[EventDate "2018.04.11"]

1. c4 c6 2. Nf3 d5 3. d4 e6 4. Bg5 f6 5. Bf4 g5 6. Bxb8 Rxb8 7. e3 Bd6 8. Nc3
Ne7 9. Bd3 Ng6 10. g4 e5 11. Bf5 e4 12. Nd2 Bb4 13. cxd5 Bxc3 14. bxc3 cxd5 15.
c4 Bxf5 16. gxf5 Nh4 17. cxd5 Qa5 18. Kf1 Qxd5 19. Qb1 Kd7 20. Qxe4 Qb5+ 21. Ke1
Rhe8 22. Rb1 Qa5 23. Qd3 Qxf5 24. Qxf5+ Nxf5 25. Kd1 h5 26. Kc2 Nd6 27. Kd3 Rbc8
28. f3 Rc6 29. Ne4 Nxe4 30. fxe4 b6 31. h4 g4 32. d5 Rc5 33. Rhf1 Ra5 34. Rxf6
Rxa2 35. Rf7+ Re7 36. Rxe7+ Kxe7 37. e5 g3 38. e4 g2 39. e6 Ra3+ 40. Kd4 Rg3 41.
Rg1 Kd6 42. e5+ Ke7 43. Ke4 a5 44. Kf4 Rg8 45. Kf5 Rf8+ 46. Ke4 Rg8 47. Kf5 Rf8+
48. Ke4 1/2-1/2

[Event "TCh-CHN 2018"]
[Site "China CHN"]
[Date "2018.07.12"]
[Round "10.4"]
[Board "2"]
[White "Li, Chao b"]
[Black "Li, Di"]
[Result "1-0"]
[WhiteTitle "GM"]
[BlackTitle "IM"]
[WhiteElo "2703"]
[BlackElo "2487"]
[WhiteTeam "Beijing Beiao team"]
[BlackTeam "Chengdu Beilei Youth Chess Club"]
[WhiteFideId "8604436"]
[BlackFideId "8607508"]
[EventDate "2018.04.11"]

1. e4 e5 2. Nf3 Nc6 3. Bb5 a6 4. Ba4 Nf6 5. O-O Be7 6. Re1 b5 7. Bb3 O-O 8. a4
Bb7 9. d3 b4 10. Nbd2 d6 11. a5 Rb8 12. Nf1 Bc8 13. Ne3 Be6 14. Nd5 Rb5 15.
Nxe7+ Nxe7 16. Bc4 Bxc4 17. dxc4 Rb8 18. Bg5 Nd7 19. Be3 Qc8 20. Qd3 Rd8 21.
Red1 Nf8 22. c5 Ne6 23. Qc4 Rb5 24. Ng5 Nxg5 25. Bxg5 Rxc5 26. Qxb4 Rb5 27. Qc4
Qd7 28. b4 Rdb8 29. c3 Ng6 30. Be3 Nf8 31. Rd5 Ne6 32. Rad1 Kf8 33. g3 h6 34.
Qe2 Qc6 35. Qd3 Kg8 36. h4 R5b7 37. Bd2 Nf8 38. Qe2 Nd7 39. Rd3 Nf6 40. Re1 Qc4
41. g4 Re8 42. g5 hxg5 43. hxg5 Nh7 44. Rd5 Qxe2 45. Rxe2 Nf8 46. f4 exf4 47.
Bxf4 Ng6 48. Bg3 Ne7 49. Rd1 Rb5 50. Bf4 Ng6 51. Bd2 Ne5 52. Kf2 Nc4 53. Bf4 c5
54. Rd5 Rc8 55. Kf3 Rc6 56. Rh2 Kf8 57. Ke2 Ke7 58. Kd3 Na3 59. Ra2 cxb4 60.
cxb4 Nc4 61. Rxb5 axb5 62. a6 Rc8 63. a7 Ra8 64. Be3 Kd7 65. Bd4 f6 66. g6 Ne5+
67. Bxe5 dxe5 68. Ke3 Ke7 69. Kf3 Kd7 70. Kg4 Ke7 71. Kf5 Kd7 72. Ra6 Ke7 73.
Ra5 Kd6 74. Rxb5 Rxa7 75. Rb6+ Ke7 76. Re6+ Kd7 77. Rb6 Ke7 78. b5 Rc7 79. Re6+
Kd7 80. Ra6 Rb7 81. Rxf6 gxf6 82. g7 Rb8 83. Kxf6 Kd6 84. Kf7 Rb7+ 85. Kg6 Rb8
86. Kh7 Rb7 87. Kh8 Rxb5 88. g8=Q Kc5 89. Qd5+ Kb4 90. Qd6+ Kc4 91. Kg7 1-0

[Event "TCh-CHN 2018"]
[Site "China CHN"]
[Date "2018.07.12"]
[Round "10.4"]
[Board "3"]
[White "Fang, Yan"]
[Black "Vidit, Santosh Gujrathi"]
[Result "1/2-1/2"]
[WhiteTitle "IM"]
[BlackTitle "GM"]
[WhiteElo "2424"]
[BlackElo "2702"]
[WhiteTeam "Beijing Beiao team"]
[BlackTeam "Chengdu Beilei Youth Chess Club"]
[WhiteFideId "8604746"]
[BlackFideId "5029465"]
[EventDate "2018.04.11"]

1. Nf3 c5 2. g3 Nc6 3. Bg2 g6 4. O-O Bg7 5. c4 d6 6. Nc3 Bf5 7. d3 Qd7 8. Nd5
Nf6 9. Bd2 O-O 10. Nxf6+ Bxf6 11. Bc3 Bxc3 12. bxc3 Bh3 13. Qd2 Kg7 14. Rfb1
Bxg2 15. Kxg2 b6 16. a4 e5 17. Qc2 Rae8 18. e4 f5 19. Qe2 Rf6 20. Nd2 Ref8 21.
f3 h5 22. exf5 Rxf5 23. Rf1 h4 24. Ne4 Rh8 25. g4 Rf4 26. Rad1 Rhf8 27. a5 bxa5
28. Rb1 Nd8 29. h3 Ne6 30. Qa2 R4f7 31. Qxa5 Nf4+ 32. Kh2 Nxd3 33. Qa6 Qe6 34.
Qxd6 Qxd6 35. Nxd6 Rf6 36. Rb7+ Kg8 37. Ne4 Rxf3 38. Rxf3 Rxf3 39. Rxa7 Rf4 40.
Ng5 Rxc4 41. Nh7 Rf4 42. g5 e4 43. Re7 Rf2+ 44. Kg1 Rf5 45. Nf6+ Kf8 46. Rxe4
Rxg5+ 47. Ng4 Rf5 48. Ra4 g5 49. Ra7 Rf3 50. Kg2 Rg3+ 51. Kh2 Nf4 52. Nf6 Rxh3+
53. Kg1 Re3 54. Kf2 Re2+ 55. Kf3 h3 56. Nh7+ Ke8 57. Nxg5 Re1 58. Kxf4 h2 59.
Rh7 h1=Q 60. Rxh1 Rxh1 61. Ne4 c4 62. Ke5 Kd7 63. Kd5 Re1 64. Nc5+ Kc7 65. Kxc4
Kc6 66. Kd4 Re8 67. Ne4 Rd8+ 68. Kc4 Rd5 69. Nf2 Rh5 70. Kd4 Rh4+ 71. Ne4 Rg4
72. Kd3 Rg8 73. Kd4 Ra8 74. c4 Ra1 75. Kc3 Rc1+ 76. Kd4 Rh1 77. Kd3 Kb6 78. Kd4
Rd1+ 79. Kc3 Ka5 80. Nc5 Rh1 81. Nd3 Rh4 82. Kb3 Kb6 83. Kc3 Kc7 84. Kb4 Rh3 85.
Kc3 Kd6 86. Kd4 Rh4+ 87. Kc3 Rg4 88. Nf2 Rg2 89. Nd3 Rg8 90. Kd4 Rd8 91. c5+
Kc6+ 92. Kc4 Rxd3 93. Kxd3 Kxc5 1/2-1/2

[Event "TCh-CHN 2018"]
[Site "China CHN"]
[Date "2018.07.12"]
[Round "10.4"]
[Board "4"]
[White "Ren, Xiaoyi"]
[Black "Wang, Jue"]
[Result "1/2-1/2"]
[BlackTitle "WGM"]
[WhiteElo "2256"]
[BlackElo "2367"]
[WhiteTeam "Chengdu Beilei Youth Chess Club"]
[BlackTeam "Beijing Beiao team"]
[WhiteFideId "8608709"]
[BlackFideId "8604070"]
[EventDate "2018.04.11"]

1. d4 Nf6 2. c4 e6 3. g3 d5 4. Bg2 Bb4+ 5. Bd2 Be7 6. Nf3 O-O 7. O-O Nbd7 8. b3
c6 9. Bc3 b6 10. Nbd2 Ba6 11. Re1 c5 12. e4 Nxe4 13. Nxe4 dxe4 14. Rxe4 Bb7 15.
Re1 Nf6 16. Qc2 cxd4 17. Rad1 Qc8 18. Bxd4 h6 19. Qb2 Bc6 20. Rd3 Qb7 21. b4 b5
22. c5 a5 23. a3 axb4 24. axb4 Rfd8 25. Red1 Bd5 26. Ne1 Bxg2 27. Nxg2 Qe4 28.
Qb1 Nd5 29. Ne3 Nxe3 30. Bxe3 Rxd3 31. Qxd3 Qxb4 32. Rb1 Ra3 33. Rxb4 Rxd3 34.
Rxb5 Rc3 35. Kf1 Bg5 36. Bd4 Rc4 37. Bb2 Be7 38. Ba3 f6 39. Ke2 Kf7 40. Ra5 e5
41. Kd3 Rd4+ 42. Kc3 Ke6 43. Ra6+ Kd5 1/2-1/2

[Event "TCh-CHN 2018"]
[Site "China CHN"]
[Date "2018.07.12"]
[Round "10.4"]
[Board "5"]
[White "Gunina, Valentina"]
[Black "Wang, Yu A."]
[Result "1-0"]
[WhiteTitle "GM"]
[BlackTitle "IM"]
[WhiteElo "2497"]
[BlackElo "2303"]
[WhiteTeam "Chengdu Beilei Youth Chess Club"]
[BlackTeam "Beijing Beiao team"]
[WhiteFideId "4167570"]
[BlackFideId "8601097"]
[EventDate "2018.04.11"]

1. e4 e5 2. Nf3 Nc6 3. Bc4 Nf6 4. Ng5 d5 5. exd5 Na5 6. Bb5+ c6 7. dxc6 bxc6 8.
Bd3 Nd5 9. h4 Nf4 10. Bf1 Bc5 11. g3 Nd5 12. c3 Bb6 13. d4 exd4 14. Bd3 Qe7+ 15.
Kf1 h6 16. Nf3 Bg4 17. cxd4 O-O 18. Kg2 Rfe8 19. Nbd2 Rad8 20. Bb1 c5 21. Qc2 f5
22. Re1 Qb7 23. Rxe8+ Rxe8 24. Qa4 Re2 25. Bd3 Rxd2 26. Bxd2 Bxf3+ 27. Kg1 Qc6
28. Qxc6 Nxc6 29. dxc5 Bxc5 30. Rc1 Ncb4 31. Bxf5 Bb6 32. a3 Na6 33. b4 Kf7 34.
Bd3 Nac7 35. a4 Ne6 36. a5 Bd4 37. Kf1 g5 38. hxg5 hxg5 39. b5 Ke7 40. Rc8 Kd7
41. Rc4 Ndc7 42. Rb4 Nd5 43. Rb1 Kd6 44. Rc1 Nc5 45. Bf5 Nb3 46. Rc2 Ke5 47. Bc8
Nxd2+ 48. Rxd2 Bc3 49. Ra2 Kd6 50. Ra3 Be4 51. b6 axb6 52. axb6 Nxb6 53. Rxc3
Nxc8 54. Rxc8 Bf3 55. Ke1 Kd5 1-0

[Event "TCh-CHN 2018"]
[Site "China CHN"]
[Date "2018.07.12"]
[Round "10.5"]
[Board "1"]
[White "Zhang, Ziji"]
[Black "Ma, Qun"]
[Result "1/2-1/2"]
[BlackTitle "GM"]
[WhiteElo "2393"]
[BlackElo "2620"]
[WhiteTeam "Hebei sports lottery chess team"]
[BlackTeam "Hangzhou Bank Team"]
[WhiteFideId "8609470"]
[BlackFideId "8603154"]
[EventDate "2018.04.11"]

1. d4 d5 2. c4 e6 3. Nf3 Nf6 4. Nc3 c6 5. e3 Nbd7 6. Qc2 Bd6 7. Bd3 dxc4 8. Bxc4
b5 9. Be2 Bb7 10. O-O O-O 11. e4 e5 12. Rd1 Qc7 13. Bg5 exd4 14. Rxd4 Ne5 15.
Bxf6 gxf6 16. g3 Bc5 17. Rdd1 Ng4 18. Rf1 Qb6 19. Nd1 Ne5 20. Nh4 Bc8 21. Kg2
Rd8 22. Nc3 Be6 23. Nf5 Bf8 24. Rfd1 a5 25. Rxd8 Rxd8 26. Rd1 a4 27. f4 Rxd1 28.
Qxd1 Ng6 29. a3 Qc5 30. Bg4 Ne7 31. Nd4 Bc4 32. Be2 f5 33. Bxc4 Qxc4 34. Nxf5
Nxf5 35. exf5 Bxa3 36. bxa3 1/2-1/2

[Event "TCh-CHN 2018"]
[Site "China CHN"]
[Date "2018.07.12"]
[Round "10.5"]
[Board "2"]
[White "Liu, Zhaoqi"]
[Black "Jakovenko, Dmitry"]
[Result "0-1"]
[BlackTitle "GM"]
[WhiteElo "2286"]
[BlackElo "2735"]
[WhiteTeam "Hebei sports lottery chess team"]
[BlackTeam "Hangzhou Bank Team"]
[WhiteFideId "8609381"]
[BlackFideId "4122356"]
[EventDate "2018.04.11"]

1. d4 Nf6 2. c4 e6 3. Nc3 Bb4 4. f3 c5 5. d5 O-O 6. e4 d6 7. Bd3 exd5 8. cxd5
Nbd7 9. Ne2 Ne5 10. Bc2 Re8 11. O-O Bd7 12. f4 Ng6 13. Ng3 c4 14. h3 Bc5+ 15.
Kh1 b5 16. a3 a5 17. e5 dxe5 18. f5 Nf4 19. Nce4 Bf8 20. Bxf4 exf4 21. Rxf4 Qe7
22. Qd4 Nxe4 23. Rxe4 Qd6 24. Rg4 Qe5 25. a4 Qxd4 26. Rxd4 Bd6 27. Rg4 Be5 28.
axb5 Bxb2 29. Rb1 Be5 30. Ba4 h5 31. Nxh5 Bxf5 0-1

[Event "TCh-CHN 2018"]
[Site "China CHN"]
[Date "2018.07.12"]
[Round "10.5"]
[Board "3"]
[White "Wan, Yunguo"]
[Black "Bai, Jinshi"]
[Result "1/2-1/2"]
[WhiteTitle "GM"]
[BlackTitle "GM"]
[WhiteElo "2529"]
[BlackElo "2568"]
[WhiteTeam "Hebei sports lottery chess team"]
[BlackTeam "Hangzhou Bank Team"]
[WhiteFideId "8603189"]
[BlackFideId "8602280"]
[EventDate "2018.04.11"]

1. e4 e5 2. Nf3 Nf6 3. Nxe5 d6 4. Nf3 Nxe4 5. d4 d5 6. Bd3 Nc6 7. O-O Be7 8.
Nbd2 Bf5 9. Re1 Nxd2 10. Qxd2 Bxd3 11. Qxd3 O-O 12. c3 Qd7 13. Bf4 a6 14. Re2
Rae8 15. Rae1 Bd8 16. h3 Rxe2 17. Qxe2 f6 18. Nd2 a5 19. Nb3 b6 20. Qb5 Ne5 21.
Qxd7 Nxd7 22. a4 Kf7 23. Nd2 Re8 24. Rxe8 Kxe8 25. b4 c6 26. Bd6 Kf7 27. bxa5
bxa5 28. Nb3 Ke6 29. Ba3 Nb6 30. Nxa5 Kd7 31. Bb4 Nxa4 32. Kf1 Bxa5 33. Bxa5 c5
34. dxc5 Kc6 35. Bb4 Nxc5 36. Bxc5 Kxc5 37. Ke2 Kc4 38. Kd2 h5 39. Kc2 f5 40.
Kd2 g5 41. f3 d4 42. cxd4 Kxd4 43. Ke2 f4 44. Kd2 h4 45. Ke2 Kc3 46. Ke1 Kd3 1/2-1/2

[Event "TCh-CHN 2018"]
[Site "China CHN"]
[Date "2018.07.12"]
[Round "10.5"]
[Board "4"]
[White "Li, Ruofan"]
[Black "Yang, Yijing"]
[Result "1-0"]
[WhiteTitle "IM"]
[BlackTitle "WCM"]
[WhiteElo "2325"]
[BlackElo "2035"]
[WhiteTeam "Hangzhou Bank Team"]
[BlackTeam "Hebei sports lottery chess team"]
[WhiteFideId "8600643"]
[BlackFideId "8608601"]
[EventDate "2018.04.11"]

1. d4 d5 2. c4 dxc4 3. Nf3 Nf6 4. e3 a6 5. Bxc4 b5 6. Be2 e6 7. O-O Bb7 8. a4 b4
9. Nbd2 Nbd7 10. a5 Be7 11. Nc4 O-O 12. Bd2 c5 13. Nfe5 cxd4 14. exd4 Nd5 15.
Bd3 N7f6 16. Qe2 Qb8 17. Rad1 Qa7 18. Bg5 Rad8 19. Bb1 h6 20. Bc1 Nc7 21. Qe3
Nb5 22. Nb6 Nd6 23. d5 Rfe8 24. dxe6 fxe6 25. Ng6 Be4 26. Bxe4 Nfxe4 27. Nd5
Qxe3 28. Ndxe7+ Rxe7 29. Nxe7+ Kf7 30. Bxe3 Kxe7 31. f3 Nf6 32. Bc5 Nd5 33. Rfe1
Kd7 34. Bxd6 Kxd6 35. Re4 Rb8 36. Rde1 Nc7 37. Rc4 Nd5 38. Rec1 Ne7 39. Rc5 g6
40. h4 Rb7 41. Kf2 Rb8 42. g3 Rf8 43. R1c4 Rb8 44. f4 h5 45. Re5 Nc6 46. Rg5 Ne7
47. Rd4+ Kc7 48. Re4 Kd7 49. Rge5 1-0

[Event "TCh-CHN 2018"]
[Site "China CHN"]
[Date "2018.07.12"]
[Round "10.5"]
[Board "5"]
[White "Girya, Olga"]
[Black "Zhai, Mo"]
[Result "1-0"]
[WhiteTitle "WGM"]
[BlackTitle "WGM"]
[WhiteElo "2481"]
[BlackElo "2352"]
[WhiteTeam "Hangzhou Bank Team"]
[BlackTeam "Hebei sports lottery chess team"]
[WhiteFideId "4195752"]
[BlackFideId "8600201"]
[EventDate "2018.04.11"]

1. d4 Nf6 2. c4 e6 3. Nc3 Bb4 4. Qc2 O-O 5. e4 d5 6. e5 Ne4 7. Bd3 c5 8. Nf3 Nc6
9. O-O Bxc3 10. bxc3 cxd4 11. Bxe4 dxe4 12. Qxe4 dxc3 13. Ng5 g6 14. Qh4 h5 15.
Ba3 Qd4 16. Qxd4 Nxd4 17. Bxf8 Kxf8 18. Rae1 b6 19. Re4 Nf5 20. Rc1 Bb7 21. Ree1
Rd8 22. Rxc3 Rd4 23. f3 Bc6 24. Ra3 Rd7 25. Kf2 Ke7 26. Nh7 b5 27. Nf6 Rc7 28.
Ra5 a6 29. Rxa6 bxc4 30. Rc1 Bd5 31. Rb1 Rc8 32. Ra5 c3 33. Rc1 Ba8 34. Ra7+ Kf8
35. Nd7+ Kg7 36. Nb6 Rb8 37. Nxa8 Rb2+ 38. Ke1 Rxg2 39. Rxc3 Rxh2 40. Rcc7 h4
41. Rxf7+ Kh6 42. Rh7+ Kg5 43. Ra4 Ne3 44. Nc7 Kf5 45. Re4 Ng2+ 46. Kf1 1-0

[Event "TCh-CHN 2018"]
[Site "China CHN"]
[Date "2018.07.12"]
[Round "10.6"]
[Board "1"]
[White "Malakhov, Vladimir"]
[Black "Xu, Minghui"]
[Result "1-0"]
[WhiteTitle "GM"]
[WhiteElo "2654"]
[BlackElo "2313"]
[WhiteTeam "Tianjin Team"]
[BlackTeam "Zhejiang Chess Team"]
[WhiteFideId "4120787"]
[BlackFideId "8606790"]
[EventDate "2018.04.11"]

1. e4 e5 2. Nf3 Nc6 3. Bc4 Bc5 4. O-O d6 5. c3 Nf6 6. d3 a5 7. Nbd2 O-O 8. Re1
Be6 9. Bb5 Ne7 10. Nf1 c6 11. Ba4 Ng6 12. d4 Ba7 13. h3 h6 14. Ng3 Qc7 15. Bc2
Rad8 16. Be3 Rfe8 17. Qc1 Bb8 18. b3 d5 19. exd5 Bxd5 20. Nxe5 Nxe5 21. dxe5
Rxe5 22. c4 Be6 23. f4 Rxe3 24. Qxe3 Qxf4 25. Qxf4 Bxf4 26. Rad1 Ra8 27. Ne2
Be3+ 28. Kf1 Bc5 29. Nf4 Rf8 30. Rxe6 fxe6 31. Nxe6 Nd5+ 32. Nxf8 Ne3+ 33. Ke2
Kxf8 34. Rd2 Nxg2 35. Kf3 Ne3 36. Bd3 g5 37. Bb1 h5 38. Rd7 g4+ 39. hxg4 hxg4+
40. Kf4 b5 41. cxb5 cxb5 42. Bd3 Nd1 43. Bxb5 Nc3 44. a4 1-0